Slovakia quiz - Statistics

General Stats
  • This quiz has been taken 640 times
  • The average score is 9 of 15
Answer Stats
Hint Answer % Correct
Slovakia has the most ... per capita Castles
99%
Capital city of Slovakia Bratislava
98%
Currency Euro
92%
Most known mountains Tatra
68%
In which year did Slovakia win the World Championship in Ice Hockey? 2002
64%
National food Bryndzové halušky (sheep cheese dumplings)
61%
Longest river Vah
57%
Famous bicycle racer and Tour de France winner Peter Sagan
54%
National hero (like the Robin Hood of Slovakia) Juraj Jánošík
53%
Slovakia produces the most ... per capita Cars
49%
Which queen has been crowned in Bratislava Maria Theresa
43%
The best and oldest university Comenius University
38%
Name of the empire on slovak territory (833-907 AD) Great Moravia
36%
Artist of visual arts with slovak origin Andy Warhol
30%
Name of the 3x world champion in figure skating Ondrej Nepela
17%
No matching quizzes found
Score Distribution
Percent of People with Each Score
Percentile by Number Answered
Your Score History
You have not taken this quiz